IMF Research Bulletin, March 2011.

The Q and A in this issue features seven questions on the role of precautionary savings in open economies (by Damiano Sandri); the research summaries are "The Macroeconomics of Aid (by Andrew Berg, Rafael Portillo, and Luis-Felipe Zanna) and "The Building Blocks to Measure Inflation"...

Ausführliche Beschreibung

Bibliographische Detailangaben
Körperschaft: International Monetary Fund. Research Dept
Format: Zeitschrift
Sprache:English
Veröffentlicht: Washington, D.C. : International Monetary Fund, 2011.
Schriftenreihe:IMF Research Bulletin; IMF Research Bulletin ; No. 2011/001
Online Zugang:Full text available on IMF
LEADER 01558cas a2200241 a 4500
001 AALejournalIMF008300
008 230101c9999 xx r poo 0 0eng d
020 |c 5.00 USD 
020 |z 9781455295661 
022 |a 1020-8313 
040 |a BD-DhAAL  |c BD-DhAAL 
110 2 |a International Monetary Fund.  |b Research Dept. 
245 1 0 |a IMF Research Bulletin, March 2011. 
264 1 |a Washington, D.C. :  |b International Monetary Fund,  |c 2011. 
300 |a 1 online resource (12 pages) 
490 1 |a IMF Research Bulletin 
500 |a <strong>Off-Campus Access:</strong> No User ID or Password Required 
500 |a <strong>On-Campus Access:</strong> No User ID or Password Required 
506 |a Electronic access restricted to authorized BRAC University faculty, staff and students 
520 3 |a The Q and A in this issue features seven questions on the role of precautionary savings in open economies (by Damiano Sandri); the research summaries are "The Macroeconomics of Aid (by Andrew Berg, Rafael Portillo, and Luis-Felipe Zanna) and "The Building Blocks to Measure Inflation" (by Mick Silver). The issue also lists the contents of the March 2011 issue of the IMF Economic Review, Volume 59 Number 1; visiting scholars at the IMF during January?March 2011; and recent IMF Working Papers and Staff Discussion Notes. 
538 |a Mode of access: Internet 
830 0 |a IMF Research Bulletin; IMF Research Bulletin ;  |v No. 2011/001 
856 4 0 |z Full text available on IMF  |u http://elibrary.imf.org/view/journals/026/2011/001/026.2011.issue-001-en.xml  |z IMF e-Library